[Event "Izmailov Memorial op 17th"]
[Site "Tomsk"]
[Date "2013.06.15"]
[Round "5"]
[White "Tarasov, Sergey Ivan"]
[Black "Aitbayev, Aslan"]
[Result "0-1"]
[WhiteElo "2138"]
[BlackElo "2418"]
[PlyCount "141"]
[EventDate "2013.06.11"]
[EventType "swiss"]
[EventRounds "9"]
[EventCountry "RUS"]
[SourceTitle "CBM 154 Extra"]
[Source "ChessBase"]
[SourceDate "2013.06.25"]
[SourceVersion "2"]
[SourceVersionDate "2013.06.25"]
[SourceQuality "1"]

1. d4 d6 2. c4 g6 3. e4 Bg7 4. Nc3 e5 5. d5 Nd7 6. Nf3 Ngf6 7. Be2 0-0 8. Be3 Ng4 9. Bg5 f6 10. Bh4 Nh6 11. Nd2 g5 12. Bg3 f5 13. f3 Nf6 14. Bf2 g4 15. Qc2 gxf3 16. gxf3 Nh5 17. 0-0-0 Nf4 18. Bg3 fxe4 19. fxe4 Nxe2+ 20. Nxe2 Bg4 21. Qd3 Qg5 22. Kb1 Qh5 23. Rde1 Bh3 24. Rhg1 Rf7 25. Nc3 Kh8 26. Re3 Ng4 27. Rf3 Raf8 28. Rxf7 Rxf7 29. c5 dxc5 30. d6 cxd6 31. Qxd6 Qh6 32. Qd5 Rf8 33. Nc4 Nf6 34. Qxc5 Nd7 35. Qa5 Bf1 36. Qa4 Nc5 37. Qb4 Nd3 38. Qxf8+ Bxf8 39. Rxf1 Bg7 40. Rd1 Nf4 41. Rd8+ Bf8 42. Nxe5 Kg7 43. Rd7+ Kg8 44. a3 Nh5 45. Rd3 Qe6 46. Nd7 Bg7 47. Nc5 Qc4 48. Rd8+ Kf7 49. Rd7+ Ke8 50. Bd6 Bxc3 51. Re7+ Kf8 52. Rxb7+ Kg8 53. bxc3 Nf6 54. Rb4 Qf1+ 55. Ka2 Qe2+ 56. Rb2 Qc4+ 57. Kb1 Nxe4 58. Nxe4 Qxe4+ 59. Rc2 Qd5 60. Bg3 Qb3+ 61. Kc1 Qxa3+ 62. Kd2 Qa5 63. Kd1 Qd5+ 64. Kc1 Qc4 65. Kb2 a5 66. Kc1 a4 67. Bd6 Qb3 68. c4 Qe3+ 69. Kd1 Qg1+ 70. Ke2 Qg4+ 71. Kf1 0-1

[Event "Izmailov Memorial op 17th"]
[Site "Tomsk"]
[Date "2013.06.13"]
[Round "3"]
[White "Tarasov, Sergey Ivan"]
[Black "Anufrienko, Daria"]
[Result "1/2-1/2"]
[WhiteElo "2138"]
[BlackElo "1969"]
[PlyCount "113"]
[EventDate "2013.06.11"]
[EventType "swiss"]
[EventRounds "9"]
[EventCountry "RUS"]
[SourceTitle "CBM 154 Extra"]
[Source "ChessBase"]
[SourceDate "2013.06.25"]
[SourceVersion "2"]
[SourceVersionDate "2013.06.25"]
[SourceQuality "1"]

1. Nf3 d5 2. d4 Nf6 3. c4 e6 4. Nc3 Nbd7 5. Bg5 Be7 6. e3 h6 7. Bh4 0-0 8. Bd3 dxc4 9. Bxc4 a6 10. a4 c5 11. 0-0 cxd4 12. exd4 Nb6 13. Bb3 Nbd5 14. Qe2 Re8 15. Rac1 Bd7 16. Ne5 Rc8 17. Nxd5 exd5 18. Bxf6 Bxf6 19. Bxd5 Bxe5 20. dxe5 Bxa4 21. Bxb7 Bb5 22. Rxc8 Bxe2 23. Rxd8 Rxd8 24. Ra1 Rb8 25. Bf3 Bc4 26. Rd1 Rxb2 27. h4 Rb8 28. Rc1 Rb4 29. g3 a5 30. Rd1 Rb8 31. Bc6 Bb3 32. Re1 Rb4 33. f4 Ba2 34. Rd1 Rb1 35. Rxb1 Bxb1 36. Ba4 Bf5 37. Kf2 Kf8 38. Ke3 h5 39. Kd4 Ke7 40. Kc5 Bd7 41. Bd1 g6 42. Be2 a4 43. Kb4 Bc6 44. Bc4 Be8 45. Bd5 Bd7 46. Bc4 Be6 47. Be2 Bb3 48. g4 hxg4 49. Bxg4 Kf8 50. f5 Kg7 51. f6+ Kh6 52. Bd7 g5 53. e6 Bxe6 54. Bxe6 gxh4 55. Bxf7 Kg5 56. Bd5 Kxf6 57. Kxa4 1/2-1/2

[Event "UKR-chT qual. group 2 16th"]
[Site "Alushta"]
[Date "2009.05.25"]
[Round "5"]
[White "Tarasov, Sergey Ivan"]
[Black "Odnorozhenko, Evgenyi"]
[Result "0-1"]
[WhiteElo "2020"]
[BlackElo "2392"]
[PlyCount "59"]
[EventDate "2009.05.21"]
[EventType "team-tourn"]
[EventRounds "5"]
[EventCountry "UKR"]
[SourceTitle "EXT 2019"]
[Source "ChessBase"]
[SourceDate "2018.10.10"]
[SourceVersion "1"]
[SourceVersionDate "2018.10.10"]
[SourceQuality "1"]
[WhiteTeam "Pavlograd Tura"]
[BlackTeam "Rivne Bisons"]
[WhiteTeamCountry "UKR"]
[BlackTeamCountry "UKR"]

1. e4 c5 2. Nf3 Nc6 3. d4 cxd4 4. Nxd4 g6 5. Nxc6 bxc6 6. Bd2 Bg7 7. Bc3 Nf6 8. Bd3 0-0 9. Nd2 d5 10. exd5 cxd5 11. Nb3 e5 12. Qe2 d4 13. Ba5 Qd6 14. a3 Nd5 15. 0-0 Bb7 16. Be4 Rab8 17. g3 f5 18. Bd3 Rfc8 19. Bb4 Nxb4 20. axb4 Qd5 21. f3 e4 22. fxe4 fxe4 23. Ba6 d3 24. Bxb7 Rxb7 25. cxd3 Qxb3 26. Qxe4 Rxb4 27. Qe7 Bd4+ 28. Kh1 Qd5+ 29. Qe4 Qxe4+ 30. dxe4 0-1

[Event "UKR-chT qual. group 2 16th"]
[Site "Alushta"]
[Date "2009.05.23"]
[Round "3"]
[White "Tarasov, Sergey Ivan"]
[Black "Zhak, Boris Mikhailovich"]
[Result "0-1"]
[WhiteElo "2020"]
[BlackElo "1969"]
[PlyCount "62"]
[EventDate "2009.05.21"]
[EventType "team-tourn"]
[EventRounds "5"]
[EventCountry "UKR"]
[SourceTitle "EXT 2019"]
[Source "ChessBase"]
[SourceDate "2018.10.10"]
[SourceVersion "1"]
[SourceVersionDate "2018.10.10"]
[SourceQuality "1"]
[WhiteTeam "Pavlograd Tura"]
[BlackTeam "Simferopol Twinkle Chess"]
[WhiteTeamCountry "UKR"]
[BlackTeamCountry "UKR"]

1. e4 d6 2. Nf3 Nf6 3. Nc3 e5 4. d4 Nbd7 5. Bg5 Be7 6. dxe5 dxe5 7. Bxf6 Bxf6 8. Nd5 0-0 9. Nxf6+ Qxf6 10. Bd3 Nc5 11. h3 Rd8 12. Qe2 Nxd3+ 13. cxd3 Qd6 14. Rd1 c5 15. 0-0 Be6 16. b3 f6 17. Nh2 a5 18. Qe3 a4 19. bxa4 Rxa4 20. f4 exf4 21. Rxf4 Qd4 22. Qxd4 Raxd4 23. Rf2 Rxd3 24. Rxd3 Rxd3 25. Rb2 Rd8 26. Nf3 c4 27. Rb6 Kf7 28. e5 c3 29. Rb1 c2 30. Ng5+ fxg5 31. Rf1+ Ke7 0-1